VPLYV VITAMÍNOV A A E NA KVALITU EJAKULÁTU KOHÚTOV BROJLEROVÉHO TYPU V DRUHEJ POLOVICI REPRODUKČNEJ SEZÓNY

Bibliographic Details
Main Authors: Benková, Janka (Author), Škrobánek, P. (Author)
Format: Article
Language:Slovak

MARC

LEADER 00000nab a2200000uu 4500
001 vtls011538720
003 SK-MaSNL
005 20260303133810.0
008 230218|1997 xo |||||||||||||||||slo|
015 |a SNBRB 
035 |a (urnnbn)urn:nbn:sk:snk:ar-a09oxr 
035 |a (uuid)665dea56-9913-4508-9723-5607877c8608 
035 |a urn:nbn:sk:snk-abexd1 
040 |a SNKBUCL  |b slo  |c SNKBUCL  |e AACR2 
041 0 |a slo 
044 |a xo  |c SK 
100 1 |a Benková, Janka  |4 aut  |9 212261 
245 1 0 |a VPLYV VITAMÍNOV A A E NA KVALITU EJAKULÁTU KOHÚTOV BROJLEROVÉHO TYPU V DRUHEJ POLOVICI REPRODUKČNEJ SEZÓNY  |c J. Benková, P. Škrobánek 
246 3 |a EFFECT OF A AND E VITAMINS ON EJACULATE QUALITY IN COCKS OF BROILER TYPE DURING THE SECOND HALF OF REPRODUCTION SEASON 
700 1 |a Škrobánek, P.  |4 aut  |9 827806 
773 0 |t Journal of farm animal science : vedecké práce Výskumného ústavu živočíšnej výroby v Nitre  |g Roč. 30, č. 30 (1997), s. 196-200 
954 |a odborná, vedecká literatúra pôvodná (slovenská)  |2 lita 
958 |a OND 
958 |a EUIPO 
958 |a article22 
999 |c 1958721  |d 1960651